| 000 | 00507nam a2200169Ia 4500 | ||
|---|---|---|---|
| 999 |
_c9280 _d9280 |
||
| 003 | OSt | ||
| 005 | 20191219143244.0 | ||
| 008 | 190216s9999||||xx |||||||||||||| ||und|| | ||
| 040 | _coclc | ||
| 082 |
_a338.9 _bNAN/M |
||
| 100 |
_aNandwani, S C _9584 |
||
| 245 | 0 |
_aModels Of Economic Growth / _cS C Nandwani ; B M Kaplish |
|
| 260 |
_bCosmopolitan Publishing House, _c1973. _aNew Delhi: |
||
| 300 | _a128p | ||
| 650 | _aEconomic Growth | ||
| 942 |
_cBK _2ddc _h338.9 _iNAN/M _k338.9 _mNAN/M |
||